00685nam a2200169Ia 4500008004100000082001600041100002100057245005400078250000800132260002600140300001000166650002200176942001200198952014500210952014500355999001500500150201s2014 xx 000 0 und d a614.1bS14A aAGGARWAL, GAURAV aSMART STUDY SERIES FORENSIC MEDICINE & TOXICOLOGY a1ST bELSEVIERaINDIAc2014 a1-364 aFORENSIC MEDICINE 2ddccBK 00102ddc40708MEDICALaFMbFMcTXTd2014-05-14eABC DELHIg295.00iSGTUl0o614.1 S14ApFM6156r2015-02-09 00:00:00w2014-07-17yBKk4634 00102ddc40708MEDICALaFMbFMcTXTd2014-05-14eABC DELHIg295.00iSGTUl0o614.1 S14ApFM6157r2015-02-09 00:00:00w2014-07-17yBKk4634 c1811d1811